Normal view
MARC view
Entry Personal Name
001 - CONTROL NUMBER
- control field: 26320
003 - CONTROL NUMBER IDENTIFIER
- control field:
005 - DATE AND TIME OF LATEST TRANSACTION
- control field: 20260303074149.0
008 - FIXED-LENGTH DATA ELEMENTS
- fixed length control field: 260303|| aca||aabn | a|a d
040 ## - CATALOGING SOURCE
- Original cataloging agency:
- Transcribing agency:
100 ## - HEADING--PERSONAL NAME
- Personal name: Kiester, Edwin
670 ## - SOURCE DATA FOUND
- Source citation: Work cat.: ()13492: Better homes and gardens new family medical guide /, c1982.